[Event "IECC CL6-2005.16 email"]
[Site "IECC email"]
[Date "2005.10.02"]
[Round "?"]
[White "Huston, Daniel Edwin"]
[Black "Quinlan, Terrence"]
[Result "1-0"]
[WhiteElo "1218"]
[BlackElo "1229"]
[PlyCount "51"]
[EventDate "2005.??.??"]
[EventType "tourn (corr)"]
[EventRounds "4"]
[SourceTitle "Corr 2020"]
[Source "ChessBase"]
[SourceDate "2019.09.30"]
[SourceVersion "1"]
[SourceVersionDate "2019.09.30"]
[SourceQuality "1"]
[WhiteTeam "United States"]
[BlackTeam "United States"]
[WhiteTeamCountry "USA"]
[BlackTeamCountry "USA"]

1. d4 d5 2. c4 dxc4 3. Nc3 e5 4. e3 a6 5. Bxc4 b5 6. Bb3 Bb4 7. Nge2 exd4 8. exd4 Bb7 9. 0-0 Nf6 10. Bg5 0-0 11. Qd3 c5 12. Bc2 c4 13. Qf5 Bc8 14. Qf3 Ra7 15. a3 Be7 16. Ne4 Nxe4 17. Bxe7 Qxe7 18. Bxe4 Nd7 19. Nf4 Nf6 20. Rfe1 Nxe4 21. Rxe4 Qd6 22. Rd1 Bf5 23. Nh5 Bxe4 24. Qxe4 Re7 25. Qg4 f5 26. Qf3 1-0